Lesson planning
| Main Author: | Mishra, R.C |
|---|---|
| Language: | English |
| Published: |
New Delhi:
APH Pub.Corporation,
2007.
|
| Subjects: |
| LEADER | 00615cam a2200181 7i4500 | ||
|---|---|---|---|
| 001 | 0000021439 | ||
| 005 | 20170605090000.0 | ||
| 008 | 081020 eng | ||
| 020 | |a 813130180X ( hbk.) | ||
| 090 | 0 | 0 | |a LB1027.4 |b .M57 2007 |
| 100 | 1 | |a Mishra, R.C | |
| 245 | 1 | 0 | |a Lesson planning |c R.C Mishra. |
| 260 | |a New Delhi: |b APH Pub.Corporation, |c 2007. | ||
| 300 | |a ix, 264 p.; |c 23 cm. | ||
| 504 | |a Includes bibliographical references and index | ||
| 650 | 0 | 0 | |a Lesson planning |
| 997 | |a Education & Social Sciences, Faculty |b Education, Department | ||
| 999 | |a 0000032031 |b BOK |c OPEN SHELF |e 1st Floor, Bestari Jaya | ||


